000
00298nam a22001337a 4500
003
SGT
082
_a
617.96
_b
S16H
100
_a
HINES,ROBERTA L
245
_a
STOELTHINGS ANESTHESIA AND COEXISTING DISEASE
250
_a
2ND
260
_a
INDIA
_b
ELSEVIER
_c
2016
300
_a
716
942
_2
ddc
_c
BK
999
_c
14232
_d
14232